Fair trade výzva pro všechny

Enregistré dans:
Détails bibliographiques
Auteur principal: Doležalová, Hana
Format: Livre
Langue:tchèque
Publié: Praha Grada Publishing 2021
Édition:1. vydání
Collection:Expert
Sujets:
Tags: Ajouter un tag
Pas de tags, Soyez le premier à ajouter un tag!

MARC

LEADER 00000nam a2200000 4500
001 0280151
005 20240416114144.8
020 |a 978-80-271-1220-3 
020 |a 978-80-271-4177-7 
020 |a 978-80-271-4178-4 
041 0 |a cze 
044 |a CZ 
245 1 0 |a Fair trade  |b výzva pro všechny  |c Hana Doležalová 
250 |a 1. vydání 
264 1 |a Praha  |b Grada Publishing  |c 2021 
300 |a 172 s. 
490 1 |a Expert 
830 0 |a Expert 
610 2 0 |a fair trade 
610 2 0 |a obchod 
610 2 0 |a organizácie 
610 2 0 |a produkcia 
610 2 0 |a predaj 
610 2 0 |a komodity 
610 2 0 |a zodpovednosť spoločenská 
610 2 0 |a spotrebitelia 
610 2 0 |a Latinská Amerika 
610 2 0 |a Afrika 
610 2 0 |a Ázia 
100 1 |a Doležalová, Hana